000 00440nam a2200121Ia 4500
008 230222s9999||||xx |||||||||||||| ||und||
040 _cChuka University Library
050 _aTHE LB 2822
_bK58 2014
100 _aKithinji,Deborah Gaiti
_97375
245 0 _aSocio-cultural and economic practices contributing to pupils poor academic achievement in primary school in Meru Central sub county,Kenya
260 _achuka
_bChuka
_c2014
942 _cBK
999 _c12353
_d12353